000 00622nam a2200181Ia 4500
001 9639
005 20260306161733.0
008 260306t2007||||xx |||||||||||||| ||spa||
041 _aESP
082 _a384.04
_bO78
100 _aGerencia de Relaciones Empresariales OSIPTEL
_eAUT
245 0 _aMetodología de análisis para la evaluación del impacto de transferencias de concesiones y asignaciones de espectro sobre las condiciones de competencia en los servicios públicos de telecomunicaciones
260 _c2007
300 _a50 páginas :
_c23 cm.
650 _aGEN
654 _aCAN
942 _cLIB
_dJUS
_fJUS
_2ddc
_n
999 _c9639
_d9639